000 01377cam a2200325 i 4500
001 22444369
003 OSt
005 20231006133221.0
008 220225s2022 nyu 000 1 eng
010 _a 2022003771
020 _a9781526660534
020 _a9780593421826
_q(hardcover)
020 _z9780593421840
_q(ebook)
040 _aDLC
_beng
_erda
_cDLC
_dDLC
042 _apcc
050 0 0 _aPR9540.9.S485
_bB47 2022
082 0 0 _a813.6
_bSHA/B
100 1 _aShamsie, Kamila,
_d1973-
_eauthor.
245 1 0 _aBest of friends :
_ba novel /
_cKamila Shamsie.
264 1 _aNew York :
_bRiverhead Books,
_c2022.
300 _a310 pages ;
_c22 cm
336 _atext
_btxt
_2rdacontent
337 _aunmediated
_bn
_2rdamedia
338 _avolume
_bnc
_2rdacarrier
655 7 _aNovels.
_2lcgft
776 0 8 _iOnline version:
_aShamsie, Kamila, 1973-
_tBest of friends
_dNew York : Riverhead, 2022
_z9780593421840
_w(DLC) 2022003772
906 _a7
_bcbc
_corignew
_d1
_eecip
_f20
_gy-gencatlg
942 _2ddc
_cBK
_h813.6
_iSHA/B
_k813.6
_mSHA/B
999 _c42555
_d42555